| Tag |
First Indicator |
Second Indicator |
Subfields |
| LEADER |
00000cam a2200000Ii 4500 |
| 001 |
in00003907521 |
| 005 |
20180214135033.0 |
| 008 |
170427t20172017acab b 001 0deng |
| 020 |
|
|
|a 9781760461270
|q (paperback)
|
| 020 |
|
|
|a 176046127X
|q (paperback)
|
| 035 |
|
|
|a (OCoLC)ocn987581326
|
| 040 |
|
|
|a AU@
|e rda
|c AU@
|d COO
|d YDX
|d CDX
|d ANV
|d UtOrBLW
|
| 043 |
|
|
|a pofj---
|
| 049 |
|
|
|a TXAM
|
| 050 |
|
4 |
|a DU600.R33
|b R63 2017
|
| 082 |
0 |
|
|a 996.11092
|2 23
|
| 100 |
1 |
|
|a Robertson, R. T.
|q (Robert Thomas),
|d 1951-
|e author.
|0 http://id.loc.gov/authorities/names/n86118983
|
| 245 |
1 |
4 |
|a The general's goose :
|b Fiji's tale of contemporary misadventure /
|c Robbie Robertson.
|
| 264 |
|
1 |
|a Acton, ACT :
|b Australian National University Press,
|c [2017]
|
| 264 |
|
4 |
|c ©2017
|
| 300 |
|
|
|a xviii, 366 pages :
|b maps (some color) ;
|c 24 cm.
|
| 336 |
|
|
|a text
|b txt
|2 rdacontent
|
| 337 |
|
|
|a unmediated
|b n
|2 rdamedia
|
| 338 |
|
|
|a volume
|b nc
|2 rdacarrier
|
| 490 |
1 |
|
|a State, society and governance in Melanesia series
|
| 504 |
|
|
|a Includes bibliographical references (pages 321-343) and index.
|
| 505 |
0 |
|
|a The challenge of inheritance -- The great turning -- Redux: The season for coups -- Plus ça change ...? -- Conclusion: Playing the politics of respect.
|
| 600 |
1 |
0 |
|a Rabuka, Sitiveni Ligamamada,
|d 1948-
|0 http://id.loc.gov/authorities/names/n88039655
|
| 650 |
|
0 |
|a Coups d'état
|z Fiji.
|0 http://id.loc.gov/authorities/subjects/sh2011003970
|
| 650 |
|
0 |
|a Democracy
|z Fiji.
|
| 651 |
|
0 |
|a Fiji
|x Politics and government.
|0 http://id.loc.gov/authorities/subjects/sh2008115021
|
| 651 |
|
0 |
|a Fiji
|x History
|y 20th century.
|
| 830 |
|
0 |
|a State, society and governance in Melanesia (Series)
|0 http://id.loc.gov/authorities/names/n98037905
|
| 945 |
|
|
|b 297836
|
| 947 |
|
|
|a A14850147548
|
| 948 |
|
|
|a cataloged
|b h
|c 2017/11/2
|d c
|e dmitchel
|f 2:30:20 pm
|
| 994 |
|
|
|a 92
|b TXA
|
| 999 |
f |
f |
|s 99f5491b-d3e5-3f15-bce6-484a952e88a8
|i ef9a5732-c966-3815-94a9-b074a5e9177c
|t 0
|
| 952 |
f |
f |
|p normal
|a Texas A&M University
|b College Station
|c Sterling C. Evans Library
|d Evans: Library Stacks
|t 0
|e DU600.R33 R63 2017
|h Library of Congress classification
|i unmediated -- volume
|m A14850147548
|
| 998 |
f |
f |
|a DU600.R33 R63 2017
|t 0
|l Evans: Library Stacks
|